Tax incentives and capital spending : (Record no. 200022)

MARC details
000 -LEADER
fixed length control field 01394nam a2200361 a 4500
001 - CONTROL NUMBER
control field vtls000195515
003 - CONTROL NUMBER IDENTIFIER
control field NLI
005 - DATE AND TIME OF LATEST TRANSACTION
control field 20210602113026.0
008 - FIXED-LENGTH DATA ELEMENTS--GENERAL INFORMATION
fixed length control field 101125s1971 dcu 101 0 eng
020 ## - INTERNATIONAL STANDARD BOOK NUMBER
International Standard Book Number 0815729421 :
Terms of availability Rs. 165.00
039 #9 - LEVEL OF BIBLIOGRAPHIC CONTROL AND CODING DETAIL [OBSOLETE]
-- 201011252319
-- VLOAD
040 0# - CATALOGING SOURCE
Original cataloging agency NLI
Language of cataloging eng
Transcribing agency Datasoft 1
Description conventions AACR2
041 0# - LANGUAGE CODE
Language code of text/sound track or separate title eng
044 ## - COUNTRY OF PUBLISHING/PRODUCING ENTITY CODE
MARC country code dcu
082 04 - DEWEY DECIMAL CLASSIFICATION NUMBER
Classification number 332.60973
111 2# - MAIN ENTRY--MEETING NAME
Meeting name or jurisdiction name as entry element Brookings Conference on the Effects of Tax Policy on Investment
Date of meeting or treaty signing (1967 :
Location of meeting Brookings Institution).
9 (RLIN) 374392
245 10 - TITLE STATEMENT
Title Tax incentives and capital spending :
Remainder of title papers /
Statement of responsibility, etc. edited by Gary Fromm
260 ## - PUBLICATION, DISTRIBUTION, ETC.
Place of publication, distribution, etc. Washington :
Name of publisher, distributor, etc. Brookings Institution,
Date of publication, distribution, etc. 1971
300 ## - PHYSICAL DESCRIPTION
Extent xvii, 301 p. ;
Dimensions 24 cm.
440 #0 - SERIES STATEMENT/ADDED ENTRY--TITLE
Title Studies of government finance
9 (RLIN) 319501
504 ## - BIBLIOGRAPHY, ETC. NOTE
Bibliography, etc. note Includes bibliographical references and index
650 #0 - SUBJECT ADDED ENTRY--TOPICAL TERM
Topical term or geographic name entry element Investment tax credit
Geographic subdivision United States
General subdivision Congresses
9 (RLIN) 374393
650 #0 - SUBJECT ADDED ENTRY--TOPICAL TERM
Topical term or geographic name entry element Capital investments
Geographic subdivision United States
General subdivision Congresses
9 (RLIN) 374394
650 #0 - SUBJECT ADDED ENTRY--TOPICAL TERM
Topical term or geographic name entry element Tax incentives
Geographic subdivision United States
General subdivision Congresses
9 (RLIN) 374395
700 1# - ADDED ENTRY--PERSONAL NAME
Personal name Fromm, Gary,
Relationship edt
9 (RLIN) 218796
710 2# - ADDED ENTRY--CORPORATE NAME
Corporate name or jurisdiction name as entry element Brookings Institution
9 (RLIN) 46471
887 ## - NON-MARC INFORMATION FIELD
Content of non-MARC field
901 ## - LOCAL DATA ELEMENT A, LDA (RLIN)
a 404116
b 31.01.1972
902 ## - LOCAL DATA ELEMENT B, LDB (RLIN)
a E 332.60973 C 76
942 ## - ADDED ENTRY ELEMENTS (KOHA)
Source of classification or shelving scheme Dewey Decimal Classification
Koha item type Books
949 ## - LOCAL PROCESSING INFORMATION (OCLC)
-- VIRTUAITEM
-- 10000
-- 100
6 PUR000404116ENG
Holdings
Withdrawn status Lost status Damaged status Not for loan Collection code Home library Current library Shelving location Date acquired Total Checkouts Full call number Barcode Date last seen Price effective from Koha item type
        New English National Library of India National Library of India New English - Main Stack Division     E 332.60973 C 76 PUR000404116ENG 02/06/2021 02/06/2021 Books
                                                                           
web counter

Copyright ©2020 The National Library of India, Govt. of India ↔ Hosted by NVLI, MOC ↔ Technology and Design by National Library of India, Ministry of Culture, Govt. of India